000 00415nam a2200145Ia 4500
008 221007s9999 xx 000 0 und d
041 _aeng
082 _bRUC
100 _aRucha Salvi - 2k171149; Dr. Geeta Jadhav - Guide & Wilo Mather + Palatt
_9105104
245 _aEmployee Engagement
260 _c2018
_bSavitribai Phule Pune University
_aPune
300 _a62p
_cHard Bound
440 _v1
906 _bGeneral
999 _c80004
_d80004